00774nam a2200193 a 450000100100000000500170001000800410002704000250006808200150009310000250010824500540013326000460018730000210023350000880025459000750034270000320041795201140044999900170056300003502420200930074044.0111024s1962 enk 000 0 eng d aDO-SdBNPbspacBNPHU axxxbC211p1 aCamus, Albert94550413aLa peste /cAlbert Camus ; edited W. J. Strachan. aLondon :bMethuen Educational Ltd,c1962. a338 p. ;c18 cm. aLa biblioteca posee la tercera reimpresión (1969) de la segunda edición de 1962 aPerteneció a la biblioteca personal de Juan Isidro Jimenes Grullón1 aW. J. Strachan,eed.960648 0010507-18MOaGRbGRcOId2011-10-24iLF1l0oxxx C211pp35024-10r2020-06-25w2020-06-25y1ZNo se presta c34515d34515